Белорусская ССР (Запис № 350286)

МАРК-запис
000 -Лідер
fixed length control field 01055nam a22002417a 4500
001 - Контрольний номер
control field 64375
003 - Ідентифікатор контрольного номера
control field UA-OsUOA
005 - Дата та час останнього входження (трансакції)
control field 20220525120548.0
007 - Фіксоване поле фізичного опису
fixed length control field ta
008 - Елементи даних фіксованої довжини – загальна інформація
fixed length control field 20091104b un ||||| |||| 00| 0 ukr d
040 ## - Джерело каталогізації
Агенція оригінальної каталогізації UA-OsUOA
Мова каталогізації rus
Агенція, яка здійснювала перезапис UA-OsUOA
Агенція, яка здійснювала модифікацію UA-OsUOA
041 ## - Код мови
Код мови тексту/ звукової доріжки чи окремого заголовка (П) rus
080 ## - Індекс Універсальної десяткової класифікації
Індекс Універсальної десяткової класифікації (УДК) (НП) 94(476)(031)
090 ## - Локальний шифр розміщення
Класифікаційний індекс УДК 94(476)(031)
Авторський знак (НП) Б43
245 ## - Відомості про назву
Назва (НП) Белорусская ССР
Решта назви (НП) краткая энциклопедия
260 ## - Публікація, розповсюдження і т.п. (Вихідні дані)
Місце публікації, розповсюдження і т.п. (П) Минск
Ім’я/ наймення видавництва, розповсюджувача і т.п. (П) Главная редакция белорусской советской энциклопедии
Дата публікації, розповсюдження і т.п. (П) 1979
300 ## - Фізичний опис
Обсяг 767 с.
505 ## - Форматована примітка про зміст
Змішана інформація Т. 1
Назва История. Общественный и государственный строй. Законодательство и право. Административно-территориальное устройство. Населенные пункты. Международные связи
650 #7 - Додаткове предметне введення – тематичний термін
Джерело заголовка чи терміна UDC
Тематичний термін чи географічна назва, як елемент введення (НП) 94 Історія загалом
942 ## - Додаткові елементи входу (Коха)
Тип елемента Koha Книги
Source of classification or shelving scheme Universal Decimal Classification
955 ## - Код типу видання за змістом
Код типу видання за змістом (НП) Довідкові видання
Фонди
Стан вилучень Стан втрат Джерело класифікації або схеми стелажів Стан уражень Не для кредиту Код колекції Постійне місце розташування Поточне розміщення Дата придбання Джерело придбання Вартість, звичайна ціна покупки Послідовне перерахування / хронологія Інвентарний номер Повний номер виклику Штрих-код Дата останнього перегляду Ціна ефективна від Тип елемента Koha
    Universal Decimal Classification     Колекція Ковальського М.П. ЧЗ - Читальна зала ЧЗ - Читальна зала 04/11/2009 128/2009 5.00 Т. 1 124097 94(476)(031) Б43 124097 06/02/2022 04/11/2009 Книги